[Event "18.Open Seefeld"]
[Site "Seefeld / Oesterreich"]
[Date "2007.09.04"]
[Round "4"]
[White "Hofer, Franz"]
[Black "Heinig, Wolfram"]
[Result "1/2-1/2"]
[WhiteElo "2051"]
[BlackElo "2360"]
[PlyCount "83"]
[EventDate "2007.09.01"]
[EventType "swiss"]
[EventRounds "9"]
[EventCountry "AUT"]

1. c4 Nf6 2. g3 g6 3. Bg2 Bg7 4. Nc3 O-O 5. d3 c5 6. Nf3 Nc6 7. O-O a6 8. Rb1
Rb8 9. Bf4 d6 10. Qd2 b5 11. Ne1 Nd4 12. Nc2 bxc4 13. dxc4 Bf5 14. e4 Bg4 15.
Nxd4 cxd4 16. Nd5 Ne8 17. Bg5 f6 18. Bh6 e6 19. Bxg7 Kxg7 20. Nb4 Qb6 21. Nxa6
Qxa6 22. h3 e5 23. hxg4 Qxc4 24. b3 Qe6 25. Bf3 Nc7 26. Be2 Nb5 27. Bxb5 Rxb5
28. f3 Rc8 29. Rbc1 Rbc5 30. Rxc5 Rxc5 31. Rc1 Qc8 32. Rxc5 Qxc5 33. Kf1 d5 34.
exd5 Qxd5 35. Qd3 Qc6 36. a4 Qc1+ 37. Ke2 Qb2+ 38. Ke1 Qc1+ 39. Ke2 Qb2+ 40.
Ke1 h5 41. gxh5 gxh5 42. Kd1 1/2-1/2

[Event "18.Open Seefeld"]
[Site "Seefeld / Oesterreich"]
[Date "2007.09.04"]
[Round "4"]
[White "Pregl, Walter"]
[Black "Schunk, Thomas"]
[Result "1/2-1/2"]
[WhiteElo "2046"]
[BlackElo "2346"]
[PlyCount "52"]
[EventDate "2007.09.01"]
[EventType "swiss"]
[EventRounds "9"]
[EventCountry "AUT"]

1. e4 e5 2. Nf3 d6 3. d4 Nf6 4. Nc3 Nbd7 5. Bg5 Be7 6. dxe5 dxe5 7. Bxf6 Bxf6
8. Nd5 O-O 9. Bc4 c6 10. Nxf6+ Qxf6 11. Qe2 b5 12. Bd3 Nc5 13. Qe3 Ne6 14.
O-O-O Re8 15. g3 a6 16. Be2 Nf8 17. Nd2 Be6 18. Kb1 a5 19. f4 exf4 20. gxf4 a4
21. e5 Bf5 22. Bd3 Bxd3 23. cxd3 Ng6 24. Rhf1 Qf5 25. Ne4 Rad8 26. Qf3 Rf8
1/2-1/2

[Event "18.Open Seefeld"]
[Site "Seefeld / Oesterreich"]
[Date "2007.09.04"]
[Round "4"]
[White "Natter, Siegfried"]
[Black "Becking, Franz Josef"]
[Result "1-0"]
[WhiteElo "2233"]
[BlackElo "2049"]
[PlyCount "51"]
[EventDate "2007.09.01"]
[EventType "swiss"]
[EventRounds "9"]
[EventCountry "AUT"]

1. e4 d5 2. exd5 Qxd5 3. Nf3 Nf6 4. Be2 Bg4 5. d4 e6 6. h3 Bh5 7. c4 Qd8 8. Qb3
b6 9. Nc3 c6 10. Be3 Be7 11. g4 Bg6 12. Ne5 Nfd7 13. Nxg6 hxg6 14. O-O-O Qc7
15. Kb1 Bf6 16. g5 Be7 17. d5 exd5 18. cxd5 Nc5 19. Qc2 O-O 20. Bf3 a6 21. dxc6
Ra7 22. Nd5 Qe5 23. Bf4 Qf5 24. Qxf5 gxf5 25. Bxb8 Rxb8 26. c7 1-0

[Event "18.Open Seefeld"]
[Site "Seefeld / Oesterreich"]
[Date "2007.09.04"]
[Round "4"]
[White "Willin, Bernhard"]
[Black "Wempe, Juergen"]
[Result "1-0"]
[WhiteElo "2002"]
[BlackElo "2204"]
[PlyCount "103"]
[EventDate "2007.09.01"]
[EventType "swiss"]
[EventRounds "9"]
[EventCountry "AUT"]

1. d4 b5 2. e4 Bb7 3. f3 a6 4. Be3 e6 5. Bd3 d5 6. Nd2 c5 7. c3 Nd7 8. Ne2 Qb6
9. O-O Ngf6 10. e5 c4 11. Bc2 Nxe5 12. Nf4 Ng6 13. Re1 Bd6 14. Nh3 Qc7 15. Nf1
b4 16. Qd2 Qa5 17. Bf2 Bc6 18. Bg3 Be7 19. Ne3 Ba4 20. Nf4 Nxf4 21. Bxf4 Bxc2
22. Nxc2 bxc3 23. bxc3 O-O 24. g4 Nd7 25. Reb1 Ra7 26. Nb4 Rc8 27. Kg2 Qa4 28.
Nc2 f6 29. h4 Rc6 30. Rb2 Rb6 31. Rxb6 Nxb6 32. Rb1 Rb7 33. Ne3 Qa5 34. g5 Bd8
35. Ng4 Rd7 36. gxf6 gxf6 37. Bh6 e5 38. dxe5 d4 39. exf6 Qf5 40. Qe1 Qg6 41.
Qe6+ Qf7 42. Rxb6 Bxb6 43. Qxb6 Qe8 44. cxd4 Qe2+ 45. Nf2 Kf7 46. Qc5 c3 47. h5
Qb5 48. Qf8+ Ke6 49. Qe8+ Kxf6 50. Ne4+ Kf5 51. Qf8+ Ke6 52. Nc5+ 1-0

[Event "18.Open Seefeld"]
[Site "Seefeld / Oesterreich"]
[Date "2007.09.04"]
[Round "4"]
[White "Jandke, Manfred"]
[Black "Schnegg, Daniel"]
[Result "1/2-1/2"]
[WhiteElo "2201"]
[BlackElo "2012"]
[PlyCount "100"]
[EventDate "2007.09.01"]
[EventType "swiss"]
[EventRounds "9"]
[EventCountry "AUT"]

1. Nf3 Nf6 2. d4 g6 3. g3 Bg7 4. Bg2 O-O 5. c4 d6 6. O-O Nc6 7. Nc3 a6 8. Qd3
Nd7 9. e4 Nb6 10. d5 Nb4 11. Qe2 a5 12. Be3 c5 13. Rfd1 Bd7 14. Bf4 Qc8 15. a3
Na6 16. e5 Bg4 17. exd6 exd6 18. Nb5 Qd7 19. Bxd6 Rfe8 20. Qc2 Bf5 21. Qb3 a4
22. Qa2 Bc2 23. Nd2 Bxd1 24. Rxd1 g5 25. Ne4 Rxe4 26. Bxe4 Nc8 27. Qb1 Nxd6 28.
Bxh7+ Kh8 29. Nxd6 Qxd6 30. Bc2 Nc7 31. b3 axb3 32. Qxb3 Re8 33. Qxb7 Bd4 34.
Rf1 Kg7 35. Qb3 Qf6 36. Qd3 Rh8 37. Kg2 Qh6 38. Rh1 Qh3+ 39. Kg1 Re8 40. Qf1 g4
41. Bf5 Qh5 42. Qb1 Bc3 43. Be4 Qe5 44. Qc2 Qd4 45. Bd3 Rb8 46. Qe2 Re8 47. Qc2
Qf6 48. Bf5 Qd4 49. Bxg4 Qxc4 50. d6 Ne6 1/2-1/2

[Event "18.Open Seefeld"]
[Site "Seefeld / Oesterreich"]
[Date "2007.09.04"]
[Round "4"]
[White "Schulze, Joachim"]
[Black "Sucher, Johannes"]
[Result "0-1"]
[WhiteElo "1996"]
[BlackElo "2197"]
[PlyCount "46"]
[EventDate "2007.09.01"]
[EventType "swiss"]
[EventRounds "9"]
[EventCountry "AUT"]

1. e4 d6 2. Nf3 Nf6 3. Nc3 g6 4. d4 Bg7 5. Be2 c5 6. O-O cxd4 7. Nxd4 O-O 8.
Be3 h5 9. Nb3 Nc6 10. Kh1 Ng4 11. Bxg4 hxg4 12. Qe2 Be5 13. Bh6 Bg7 14. Bxg7
Kxg7 15. f4 gxf3 16. gxf3 Rh8 17. Rg1 Rh4 18. Qf2 Qh8 19. Nd5 Qh5 20. Rg3 Bd7
21. Rag1 Rh8 22. R1g2 Bh3 23. Rg1 Bf1 0-1

[Event "18.Open Seefeld"]
[Site "Seefeld / Oesterreich"]
[Date "2007.09.04"]
[Round "4"]
[White "Schett, Franz"]
[Black "Jaenig, Reinhard"]
[Result "0-1"]
[WhiteElo "1994"]
[BlackElo "2176"]
[PlyCount "73"]
[EventDate "2007.09.01"]
[EventType "swiss"]
[EventRounds "9"]
[EventCountry "AUT"]

1. e4 c5 2. Nf3 e6 3. d4 cxd4 4. Nxd4 a6 5. Be2 Nf6 6. Nc3 Qc7 7. O-O d6 8. f4
Nbd7 9. Be3 b5 10. Bf3 Bb7 11. a3 Be7 12. f5 e5 13. Nde2 Nb6 14. Ng3 Nc4 15.
Bc1 Qc5+ 16. Kh1 Ne3 17. Bxe3 Qxe3 18. Re1 Qc5 19. Qd2 Rc8 20. Rac1 h6 21. Red1
Nd7 22. Qe1 Bg5 23. Ra1 Nb6 24. Rd3 Nc4 25. b4 Qc7 26. Ra2 O-O 27. Nh5 Qe7 28.
Bg4 Rc7 29. g3 g6 30. f6 Bxf6 31. Nxf6+ Qxf6 32. h4 Qe7 33. Nd5 Bxd5 34. Rxd5
f5 35. exf5 gxf5 36. Bxf5 Rxf5 37. g4 0-1

[Event "18.Open Seefeld"]
[Site "Seefeld / Oesterreich"]
[Date "2007.09.04"]
[Round "4"]
[White "Nolte, Wilhelm"]
[Black "Storkebaum, Karl-Heinrich"]
[Result "0-1"]
[WhiteElo "1775"]
[BlackElo "2038"]
[PlyCount "70"]
[EventDate "2007.09.01"]
[EventType "swiss"]
[EventRounds "9"]
[EventCountry "AUT"]

1. e4 c5 2. Nf3 d6 3. d4 cxd4 4. Nxd4 Nf6 5. Nc3 a6 6. Be2 e5 7. Nb3 Be6 8. O-O
Nbd7 9. Bg5 Be7 10. Qd2 O-O 11. Kh1 Qc7 12. Rac1 Rad8 13. f4 h6 14. Bh4 Nb6 15.
f5 Bc4 16. Bd3 d5 17. Qe2 dxe4 18. Nxe4 Nxe4 19. Qxe4 Bxh4 20. Qxh4 f6 21. Rf3
a5 22. Qg3 a4 23. Bxc4+ Qxc4 24. Rc3 Qd5 25. Rd3 Qb5 26. Na1 Qxb2 27. Qe3 Rd4
28. Rxd4 exd4 29. Qe6+ Kh8 30. Re1 Qb4 31. Qe7 Nd5 32. Qxb4 Nxb4 33. Re7 b5 34.
h3 Nxa2 35. Rd7 Re8 0-1

[Event "18.Open Seefeld"]
[Site "Seefeld / Oesterreich"]
[Date "2007.09.04"]
[Round "4"]
[White "Breedveld, Andre"]
[Black "Frank, Albert"]
[Result "1-0"]
[WhiteElo "2151"]
[BlackElo "1994"]
[PlyCount "97"]
[EventDate "2007.09.01"]
[EventType "swiss"]
[EventRounds "9"]
[EventCountry "AUT"]

1. c4 b6 2. Nc3 Bb7 3. e4 e6 4. a3 Ne7 5. Qe2 d6 6. d4 Nd7 7. Nf3 g6 8. Bf4 Bg7
9. O-O-O Qc8 10. Qd2 h6 11. h4 a6 12. Kb1 e5 13. dxe5 dxe5 14. Bg3 Nc6 15. h5
g5 16. Be2 Nc5 17. Qc2 Ne6 18. Nd5 g4 19. Nh4 Ncd4 20. Qd2 Ng5 21. Nf5 Nxf5 22.
exf5 Ne4 23. Qc2 Nxg3 24. fxg3 Bxd5 25. Rxd5 O-O 26. Qe4 Bf6 27. Bxg4 Kh8 28.
Rhd1 Rg8 29. Bf3 Rb8 30. Rd7 Rf8 31. Qc6 Bg5 32. f6 b5 33. c5 b4 34. a4 b3 35.
Rxc7 Qf5+ 36. Be4 Qxf6 37. Qxf6+ Bxf6 38. Rd6 Rb4 39. Bd5 Kg7 40. Rxa6 e4 41.
Raa7 Bg5 42. Rxf7+ Rxf7 43. Rxf7+ Kh8 44. c6 Rd4 45. Bxb3 e3 46. c7 e2 47.
c8=Q+ Bd8 48. Rf8+ Kg7 49. Rg8+ 1-0

[Event "18.Open Seefeld"]
[Site "Seefeld / Oesterreich"]
[Date "2007.09.04"]
[Round "4"]
[White "Schmidt, Juergen"]
[Black "Gheri, Harald"]
[Result "0-1"]
[WhiteElo "2130"]
[BlackElo "1955"]
[PlyCount "104"]
[EventDate "2007.09.01"]
[EventType "swiss"]
[EventRounds "9"]
[EventCountry "AUT"]

1. e4 d6 2. d4 c6 3. c4 Nd7 4. Nc3 Ngf6 5. f4 e5 6. fxe5 dxe5 7. dxe5 Nxe5 8.
Qxd8+ Kxd8 9. Nf3 Nxf3+ 10. gxf3 Be6 11. Be3 b6 12. O-O-O+ Kc7 13. Bf4+ Kb7 14.
Bg5 h6 15. Be3 Be7 16. e5 Nd7 17. f4 Rhd8 18. Ne4 Rac8 19. Nd6+ Bxd6 20. Rxd6
Nc5 21. b4 Ne4 22. Rxe6 fxe6 23. Kc2 g5 24. Bg2 gxf4 25. Bxf4 Ng5 26. b5 Rd4
27. bxc6+ Kc7 28. Rf1 Rxc4+ 29. Kb3 Rxc6 30. Bxg5 hxg5 31. Rf7+ Kd8 32. Bxc6
Rxc6 33. Rg7 Rc7 34. Rxg5 Rh7 35. Rg2 Kc7 36. Rc2+ Kb7 37. a4 Rh5 38. Re2 Kc6
39. a5 b5 40. Rc2+ Kb7 41. a6+ Kb6 42. Rd2 Rxe5 43. Rd6+ Ka5 44. Kc3 Rh5 45.
Rxe6 Rxh2 46. Kd4 Rc2 47. Kd5 b4 48. Kd4 Kb5 49. Kd5 b3 50. Re1 Rd2+ 51. Ke4
Kb4 52. Ke3 Rd6 0-1

[Event "18.Open Seefeld"]
[Site "Seefeld / Oesterreich"]
[Date "2007.09.04"]
[Round "4"]
[White "Plock, Christian"]
[Black "Rahn, Oskar"]
[Result "1-0"]
[WhiteElo "1986"]
[BlackElo "2122"]
[PlyCount "159"]
[EventDate "2007.09.01"]
[EventType "swiss"]
[EventRounds "9"]
[EventCountry "AUT"]

1. e4 d5 2. exd5 Qxd5 3. Nc3 Qd6 4. Bc4 Nf6 5. Nf3 c6 6. O-O Bg4 7. h3 h5 8.
Qe2 Nbd7 9. Qe3 Bxf3 10. Qxf3 Ne5 11. Qe2 Nxc4 12. Qxc4 e6 13. d3 Qb4 14. Qxb4
Bxb4 15. Bd2 O-O-O 16. a3 Be7 17. Rfe1 Nd5 18. Ne4 Rd7 19. Re2 Rg8 20. Kf1 g5
21. g3 Rg6 22. Rae1 Rd8 23. Be3 b6 24. Bc1 Kd7 25. Nd2 h4 26. Nc4 Bf6 27. Ne5+
Bxe5 28. Rxe5 f5 29. Kg2 Rf8 30. Bd2 Rf7 31. c4 Nc7 32. b4 Kc8 33. a4 Rd7 34.
R1e3 g4 35. hxg4 Rxg4 36. Bc3 Rh7 37. Rf3 hxg3 38. Rxg3 Rgh4 39. Re1 Kd7 40.
Bf6 Rh2+ 41. Kf3 a6 42. Be5 Ne8 43. Rg6 Rh1 44. Rgg1 R7h3+ 45. Ke2 Rxg1 46.
Rxg1 Rh7 47. Rb1 Kc8 48. Bd4 Kb7 49. Rg1 Re7 50. Be5 Kc8 51. Rg6 Kb7 52. Ke3 c5
53. bxc5 bxc5 54. Rg8 Kb6 55. Bc3 Kc6 56. Kd2 e5 57. Rg6+ Nd6 58. Ke2 Kd7 59.
Bd2 Kc6 60. f3 Kd7 61. Be3 Kc6 62. Kd2 Rd7 63. Re6 Rd8 64. Bg5 Re8 65. Be7 Kd7
66. Rxd6+ Kxe7 67. Rd5 Kf6 68. Rxc5 Re6 69. Ke3 Rd6 70. a5 Ke6 71. Rc8 f4+ 72.
Kd2 Kd7 73. Rc5 Ke6 74. Kc3 Kf6 75. Rd5 Rc6 76. c5 Ke6 77. Kc4 Rc8 78. Rd6+ Kf5
79. Rxa6 Rh8 80. Rb6 1-0

[Event "18.Open Seefeld"]
[Site "Seefeld / Oesterreich"]
[Date "2007.09.04"]
[Round "4"]
[White "Gatterer, Matthias"]
[Black "Maurer, Rainer"]
[Result "1/2-1/2"]
[WhiteElo "1973"]
[BlackElo "2117"]
[PlyCount "116"]
[EventDate "2007.09.01"]
[EventType "swiss"]
[EventRounds "9"]
[EventCountry "AUT"]

1. d4 d5 2. c4 e6 3. Nc3 Nf6 4. Bg5 Nbd7 5. e3 Be7 6. Nf3 O-O 7. Rc1 a6 8. cxd5
exd5 9. Bd3 b6 10. O-O Bb7 11. Qe2 Re8 12. Rfd1 h6 13. Bh4 Ne4 14. Bxe7 Qxe7
15. Qc2 Rac8 16. Qb3 Qe6 17. Bb1 Ndf6 18. Ne2 Qd6 19. Nf4 Nxf2 20. Re1 N2e4 21.
Nd3 Re7 22. Rc2 c5 23. dxc5 bxc5 24. Qa4 c4 25. Nc1 Ng5 26. Rce2 Rce8 27. Qc2
g6 28. Nxg5 hxg5 29. Qd2 Ng4 30. g3 Qc6 31. Qd4 Ne5 32. Rf1 g4 33. Kg2 Nf3 34.
Qxg4 Ne5 35. Qd4 Qe6 36. Kg1 Qh3 37. Rf4 Qe6 38. Rd2 Nd7 39. b3 Qxe3+ 40. Qxe3
Rxe3 41. bxc4 Ne5 42. Rb2 Re7 43. c5 d4 44. Re2 Rxe2 45. Nxe2 d3 46. Nc3 Nf3+
47. Kf2 d2 48. Bc2 Ne1 49. Bb1 Bc6 50. Rd4 Nf3 51. Rd6 Rc7 52. Be4 Bxe4 53.
Nxe4 Nxh2 54. Nxd2 Ng4+ 55. Ke2 a5 56. c6 Ne5 57. Rd5 Nxc6 58. Rd3 Re7+ 1/2-1/2

[Event "18.Open Seefeld"]
[Site "Seefeld / Oesterreich"]
[Date "2007.09.04"]
[Round "4"]
[White "Kammers, Heribert"]
[Black "Kesik, Marco"]
[Result "1-0"]
[WhiteElo "2104"]
[BlackElo "1954"]
[PlyCount "43"]
[EventDate "2007.09.01"]
[EventType "swiss"]
[EventRounds "9"]
[EventCountry "AUT"]

1. d4 Nf6 2. c4 g6 3. Nc3 Bg7 4. e4 d6 5. f4 O-O 6. Nf3 c5 7. d5 Nbd7 8. Be2 a6
9. a4 Rb8 10. O-O Qc7 11. Kh1 h6 12. Qc2 Nh7 13. Be3 e6 14. dxe6 fxe6 15. e5
dxe5 16. Qxg6 Rf6 17. Qe8+ Nhf8 18. Nxe5 Nxe5 19. fxe5 Qxe5 20. Rxf6 Qxf6 21.
Rf1 Qg6 22. Rxf8+ 1-0

[Event "18.Open Seefeld"]
[Site "Seefeld / Oesterreich"]
[Date "2007.09.04"]
[Round "4"]
[White "Wallnoefer, Hannes"]
[Black "Staninski, Borislav"]
[Result "1-0"]
[WhiteElo "2096"]
[BlackElo "1663"]
[PlyCount "117"]
[EventDate "2007.09.01"]
[EventType "swiss"]
[EventRounds "9"]
[EventCountry "AUT"]

1. e4 e5 2. Nf3 Nc6 3. Bb5 a6 4. Ba4 Nf6 5. O-O b5 6. Bb3 Be7 7. Re1 d6 8. h3
O-O 9. c3 Nb8 10. d3 Nbd7 11. Nbd2 Bb7 12. Nf1 h6 13. Ng3 Re8 14. Nf5 Bf8 15.
N3h4 Nc5 16. Ng6 Nxb3 17. Qxb3 d5 18. Nxf8 Rxf8 19. f3 c5 20. Qc2 Re8 21. Qf2
Bc8 22. Qxc5 Bxf5 23. exf5 Rc8 24. Qf2 Qd7 25. g4 d4 26. cxd4 exd4 27. Rxe8+
Rxe8 28. Bd2 Qd5 29. b3 Nd7 30. Kg2 h5 31. Rc1 hxg4 32. hxg4 Ne5 33. Rh1 Nxf3
34. Qxf3 Re2+ 35. Kg3 Qxf3+ 36. Kxf3 Rxd2 37. Ke4 Rxa2 38. Kxd4 Rb2 39. Kc3 Rg2
40. d4 Rg3+ 41. Kb4 Rxg4 42. Kc5 Rf4 43. d5 Rxf5 44. Kc6 Rf3 45. d6 Rc3+ 46.
Kb7 Rd3 47. Kc7 Rc3+ 48. Kd8 Rd3 49. d7 g5 50. Rh5 Kg7 51. Rxg5+ Kf6 52. Rg2 a5
53. Rf2+ Ke6 54. Ke8 f5 55. d8=Q Rxd8+ 56. Kxd8 Ke5 57. Kc7 a4 58. b4 Ke4 59.
Kb6 1-0

[Event "18.Open Seefeld"]
[Site "Seefeld / Oesterreich"]
[Date "2007.09.04"]
[Round "4"]
[White "Russ, Colin"]
[Black "Oettinger, Hagen"]
[Result "0-1"]
[WhiteElo "1760"]
[BlackElo "2085"]
[PlyCount "108"]
[EventDate "2007.09.01"]
[EventType "swiss"]
[EventRounds "9"]
[EventCountry "AUT"]

1. d4 Nf6 2. c4 g6 3. Nc3 Bg7 4. e4 d6 5. Nf3 O-O 6. Be2 c6 7. h3 Nbd7 8. Be3
e5 9. O-O Re8 10. dxe5 dxe5 11. Qc2 Qc7 12. Rad1 a5 13. Nh4 Nf8 14. Bc5 b6 15.
Bd6 Qa7 16. Na4 Bb7 17. c5 b5 18. Nb6 Rad8 19. Nf3 Nh5 20. g3 Bc8 21. Kg2 Nd7
22. Nxc8 Rxc8 23. Ng5 Nhf6 24. Bg4 Nxg4 25. hxg4 Nf6 26. f3 h6 27. Nh3 Rcd8 28.
Rd2 Nd7 29. Rfd1 Nf8 30. Nf2 Ne6 31. Nd3 Nd4 32. Qc1 f6 33. Ne1 Qf7 34. Nc2
Nxc2 35. Rxc2 Qxa2 36. b4 Qa4 37. bxa5 Qxa5 38. Qb2 Qa7 39. Ra1 Qf7 40. Ra6 Rc8
41. Qa3 Red8 42. Ra7 Rd7 43. Qa6 Rxa7 44. Qxc8+ Kh7 45. Qxc6 Qb3 46. Rf2 Ra1
47. Rf1 Qc2+ 48. Rf2 Qd1 49. Kh3 Qh1+ 50. Rh2 Qf1+ 51. Kh4 Qg1 52. Kh3 Qf1+ 53.
Kh4 Ra2 54. Rh3 g5+ 0-1

[Event "18.Open Seefeld"]
[Site "Seefeld / Oesterreich"]
[Date "2007.09.04"]
[Round "4"]
[White "Nedelchev, Nikolai"]
[Black "Shahin, Walid"]
[Result "1/2-1/2"]
[WhiteElo "1980"]
[BlackElo "2068"]
[PlyCount "76"]
[EventDate "2007.09.01"]
[EventType "swiss"]
[EventRounds "9"]
[EventCountry "AUT"]

1. d4 Nf6 2. Nf3 d5 3. c4 c6 4. Qc2 g6 5. g3 Bf5 6. Qb3 Qb6 7. Qxb6 axb6 8.
Nbd2 dxc4 9. Nxc4 Nbd7 10. Ne3 Be4 11. Bg2 Nd5 12. O-O Bg7 13. Rd1 N7f6 14. Ng5
Bxg2 15. Nxg2 h6 16. Nf3 O-O 17. Bf4 Nxf4 18. Nxf4 Rfd8 19. e3 Ne4 20. Rd3 Rd7
21. Rb3 b5 22. a3 e6 23. Rc1 g5 24. Nd3 f6 25. Nc5 Nxc5 26. Rxc5 Bf8 27. Rc1
Ra4 28. Ne1 Kf7 29. Nd3 Rd5 30. h3 Kg6 31. Kg2 Rc4 32. Rbc3 Rxc3 33. Rxc3 Rd8
34. Kf3 Ra8 35. e4 h5 36. Ke3 Rd8 37. Nc5 Bxc5 38. Rxc5 f5 1/2-1/2

[Event "18.Open Seefeld"]
[Site "Seefeld / Oesterreich"]
[Date "2007.09.04"]
[Round "4"]
[White "Schumacher, Helmut"]
[Black "Stuch, Hans-Ferdinand"]
[Result "1/2-1/2"]
[WhiteElo "2103"]
[BlackElo "1602"]
[PlyCount "140"]
[EventDate "2007.09.01"]
[EventType "swiss"]
[EventRounds "9"]
[EventCountry "AUT"]

1. d4 e5 2. e3 e4 3. c4 Nf6 4. Nc3 c6 5. Qb3 Bd6 6. Nge2 O-O 7. Ng3 Re8 8. Be2
Bf8 9. d5 Na6 10. O-O Nc5 11. Qc2 a5 12. b3 d6 13. Ba3 Na6 14. Ncxe4 Nxe4 15.
Nxe4 Bf5 16. Bd3 cxd5 17. cxd5 Rc8 18. Nc3 Nb4 19. Bxb4 axb4 20. Bxf5 Rxc3 21.
Qd2 g6 22. Bd3 Qc7 23. Bc4 Rb8 24. a4 Bg7 25. Ra2 Qc5 26. Qe2 Re8 27. Rc2 Be5
28. Rxc3 Bxc3 29. Qd3 Bg7 30. g3 Bh6 31. Kg2 Bg7 32. e4 Bc3 33. f4 b6 34. f5
Qd4 35. Qxd4 Bxd4 36. Bd3 Rc8 37. Bc4 Re8 38. Kf3 Kg7 39. g4 g5 40. Bb5 Rc8 41.
Bc6 Kf6 42. Rh1 h6 43. h4 Kg7 44. Ke2 Rc7 45. Kd3 Bc5 46. hxg5 hxg5 47. Rh5 f6
48. Rh2 Re7 49. Ra2 Ra7 50. Re2 Re7 51. Ra2 Ra7 52. Be8 Ra8 53. Bh5 Kh6 54. Kc4
Kg7 55. Rh2 Rc8 56. Kd3 Bg1 57. Rc2 Rxc2 58. Kxc2 Kf8 59. Kd3 Ke7 60. Kc4 Bc5
61. Kb5 Kd7 62. Bf7 Kc7 63. Be6 Kd8 64. a5 bxa5 65. Kxa5 Ke8 66. Kb5 Ke7 67.
Kc6 Bd4 68. Bg8 Bc3 69. Kb5 Kd7 70. Bf7 Kc7 1/2-1/2

[Event "18.Open Seefeld"]
[Site "Seefeld / Oesterreich"]
[Date "2007.09.04"]
[Round "4"]
[White "Auf'm Wasser, Günter"]
[Black "Kugelmann, Werner"]
[Result "0-1"]
[WhiteElo "1867"]
[BlackElo "2202"]
[PlyCount "66"]
[EventDate "2007.09.01"]
[EventType "swiss"]
[EventRounds "9"]
[EventCountry "AUT"]

1. f4 g6 2. Nf3 Bg7 3. d4 Nf6 4. e3 d6 5. Bb5+ Nbd7 6. Bxd7+ Nxd7 7. O-O O-O 8.
c3 e5 9. Nbd2 Qe7 10. Qc2 b6 11. Ne4 Bb7 12. Nf2 c5 13. Bd2 Rac8 14. dxe5 dxe5
15. e4 Rce8 16. f5 gxf5 17. exf5 e4 18. Rae1 Be5 19. Ng5 Nf6 20. Be3 h6 21. h4
hxg5 22. hxg5 Nh7 23. Qc1 Nxg5 24. Bxg5 f6 25. Be3 Ba6 26. Ng4 Bxf1 27. Rxf1
Qg7 28. Qd1 Rd8 29. Qb3+ Kh8 30. Nh6 Qg3 31. Nf7+ Rxf7 32. Bf4 Bxf4 33. Qxf7
Be3+ 0-1

[Event "18.Open Seefeld"]
[Site "Seefeld / Oesterreich"]
[Date "2007.09.04"]
[Round "4"]
[White "Matt, Stefan"]
[Black "Stock, Juergen"]
[Result "0-1"]
[WhiteElo "1875"]
[BlackElo "2074"]
[PlyCount "108"]
[EventDate "2007.09.01"]
[EventType "swiss"]
[EventRounds "9"]
[EventCountry "AUT"]

1. d4 e6 2. e4 d5 3. e5 c5 4. c3 Nc6 5. Nf3 cxd4 6. cxd4 Bb4+ 7. Bd2 Bxd2+ 8.
Qxd2 f6 9. Nc3 fxe5 10. Nxe5 Nxe5 11. dxe5 Ne7 12. Bd3 O-O 13. O-O Bd7 14. Kh1
a6 15. f4 Bc6 16. Ne2 Qe8 17. Nd4 Bd7 18. Rf3 Nc6 19. Nxc6 Bxc6 20. Qf2 Qe7 21.
Rh3 g6 22. Rf1 Rf7 23. Qg3 Raf8 24. Rh6 Rg7 25. Qh3 Bd7 26. Rf3 Qb4 27. Qh4 Bb5
28. Bxb5 Qxb5 29. Qf2 Rgf7 30. Rh4 Rc8 31. Qd2 Qc4 32. h3 Qxa2 33. f5 Qa1+ 34.
Kh2 Rxf5 35. Rc3 Rc6 36. Qh6 Rf7 37. Rf3 Rcc7 38. Qg5 Qc1 39. Qxc1 Rxc1 40.
Rxf7 Kxf7 41. Rxh7+ Kf8 42. Rxb7 Re1 43. Rb6 Rxe5 44. Rxa6 Kf7 45. Kg3 d4 46.
Rd6 Re3+ 47. Kf2 e5 48. Rb6 g5 49. g3 e4 50. Rb7+ Ke6 51. Rb6+ Kd5 52. Rb5+ Kc4
53. Rxg5 Rb3 54. Rg4 Rxb2+ 0-1

[Event "18.Open Seefeld"]
[Site "Seefeld / Oesterreich"]
[Date "2007.09.04"]
[Round "4"]
[White "Dalnodar, Bernhard"]
[Black "Schmidt, Wolfgang"]
[Result "1/2-1/2"]
[WhiteElo "1709"]
[BlackElo "2071"]
[PlyCount "40"]
[EventDate "2007.09.01"]
[EventType "swiss"]
[EventRounds "9"]
[EventCountry "AUT"]

1. Nf3 Nf6 2. g3 g6 3. Bg2 Bg7 4. O-O O-O 5. d3 d6 6. e4 e5 7. Nc3 h6 8. Ne1
Nc6 9. f4 exf4 10. Bxf4 Be6 11. Nf3 Qd7 12. Ne2 Bh3 13. c3 Bxg2 14. Kxg2 Kh7
15. Qc2 Rae8 16. h3 Nh5 17. Rae1 f5 18. exf5 gxf5 19. d4 Nf6 20. Kh2 Ne4
1/2-1/2

[Event "18.Open Seefeld"]
[Site "Seefeld / Oesterreich"]
[Date "2007.09.04"]
[Round "4"]
[White "Rampler, Evely"]
[Black "Niedermair, Hannes"]
[Result "1/2-1/2"]
[WhiteElo "1588"]
[BlackElo "2069"]
[PlyCount "28"]
[EventDate "2007.09.01"]
[EventType "swiss"]
[EventRounds "9"]
[EventCountry "AUT"]

1. e4 d6 2. d4 Nf6 3. Nc3 c6 4. f4 Qa5 5. e5 Ne4 6. Bd2 Nxd2 7. Qxd2 Bf5 8. Bd3
Bxd3 9. Qxd3 e6 10. Nf3 Na6 11. a3 g6 12. O-O d5 13. b4 Qd8 14. b5 Nc7 1/2-1/2

[Event "18.Open Seefeld"]
[Site "Seefeld / Oesterreich"]
[Date "2007.09.04"]
[Round "4"]
[White "Pieper, Harald"]
[Black "Klein, Gereon"]
[Result "1/2-1/2"]
[WhiteElo "2043"]
[BlackElo "2009"]
[PlyCount "39"]
[EventDate "2007.09.01"]
[EventType "swiss"]
[EventRounds "9"]
[EventCountry "AUT"]

1. f4 c5 2. e3 Nc6 3. Nf3 g6 4. d4 Bg7 5. c3 b6 6. Bd3 e6 7. O-O Nge7 8. Nbd2
cxd4 9. exd4 O-O 10. Ne5 d6 11. Nxc6 Nxc6 12. Be4 d5 13. Bd3 Bd7 14. Nf3 Na5
15. Qe2 Rb8 16. g4 b5 17. Ne5 f6 18. Nxd7 Qxd7 19. Be3 Nc4 20. h3 1/2-1/2

[Event "18.Open Seefeld"]
[Site "Seefeld / Oesterreich"]
[Date "2007.09.04"]
[Round "4"]
[White "Borries, Barbara"]
[Black "Helbig, Dieter"]
[Result "0-1"]
[WhiteElo "1947"]
[BlackElo "1863"]
[PlyCount "90"]
[EventDate "2007.09.01"]
[EventType "swiss"]
[EventRounds "9"]
[EventCountry "AUT"]

1. e4 c5 2. c3 Nc6 3. d4 cxd4 4. cxd4 d6 5. Nc3 g6 6. Be3 Bg7 7. Bb5 Bd7 8. Qd2
a6 9. Bxc6 bxc6 10. Nge2 Nf6 11. f3 O-O 12. O-O Qc7 13. Rac1 Rfd8 14. Kh1 a5
15. b3 Bc8 16. Rfd1 Ba6 17. Nd5 Qb7 18. Nxf6+ Bxf6 19. Nc3 Bg7 20. Bg5 Rd7 21.
Qf2 Rc8 22. Be3 Qb4 23. h3 e6 24. Rc2 Rdc7 25. Rdc1 c5 26. dxc5 dxc5 27. Na4 c4
28. Nb6 cxb3 29. Rxc7 Rxc7 30. axb3 Rxc1+ 31. Bxc1 Qxb3 32. Be3 a4 33. f4 a3
34. e5 Bf8 35. Kh2 Bb5 36. Bd4 Bb4 37. Qh4 Bf8 38. Qd8 Qb4 39. Nc8 a2 40. Qb6
Qd2 41. Kg3 Bc6 42. Qxc6 Qxd4 43. Qe8 a1=Q 44. Nd6 Qe1+ 45. Kg4 h5+ 0-1

[Event "18.Open Seefeld"]
[Site "Seefeld / Oesterreich"]
[Date "2007.09.04"]
[Round "4"]
[White "Strasser, Josef"]
[Black "Eiter, Meinhard"]
[Result "0-1"]
[WhiteElo "1913"]
[BlackElo "1845"]
[PlyCount "94"]
[EventDate "2007.09.01"]
[EventType "swiss"]
[EventRounds "9"]
[EventCountry "AUT"]

1. d4 g6 2. Nf3 Bg7 3. Bf4 d6 4. e3 Nf6 5. h3 O-O 6. Be2 Nbd7 7. O-O c5 8. c3
a6 9. a4 b6 10. Nbd2 Bb7 11. b4 Nd5 12. Qb3 Nxf4 13. exf4 Rc8 14. dxc5 dxc5 15.
Rac1 Qc7 16. Rfd1 e6 17. g3 Rfe8 18. b5 c4 19. Qc2 axb5 20. axb5 Bd5 21. Nf1
Qb7 22. Ne1 Nc5 23. Nd2 Nd7 24. Bf3 Nf6 25. Bxd5 exd5 26. Ndf3 Ne4 27. Nd4 Bxd4
28. Rxd4 Qd7 29. Kg2 Qxb5 30. Rb1 Qc5 31. Nf3 Ra8 32. Nd2 Nf6 33. Qb2 Ra6 34.
Rd1 Re6 35. Nf1 Ra3 36. Nd2 Qa5 37. Nb1 Rb3 38. Qc2 b5 39. g4 b4 40. cxb4 Qxb4
41. g5 Nh5 42. Qc1 Re4 43. Rxe4 dxe4 44. h4 Rf3 45. Qd2 Nxf4+ 46. Kf1 Qxd2 47.
Nxd2 Rh3 0-1